mysqli: Table './ulib62015/stat_globaluid' is marked as crashed and should be repaired
select id from stat_globaluid where statuid='20260518024824_3287'
mysqli: Table './ulib62015/stat_globaluid' is marked as crashed and should be repaired
DELETE FROM stat_globaluid
WHERE id NOT IN (
SELECT id
FROM (
SELECT id
FROM stat_globaluid
ORDER BY id DESC
LIMIT 100
) foo
);
mysqli: Table './ulib62015/stat_globaluid' is marked as crashed and should be repaired
insert into stat_globaluid set
statuid='20260518024824_3287',
dt='1779047304',
phpself='/ULIB62015/dublinfull.php',
agent='Mozilla/5.0 AppleWebKit/537.36 (KHTML, like Gecko; compatible; ClaudeBot/1.0; +claudebot@anthropic.com)',
yea='2026',
mon='5',
dat='18',
ip='216.73.216.45'
mysqli: Table './ulib62015/stathist_viewbib_bib_type' is marked as crashed and should be repaired
insert into stathist_viewbib_bib_type set
dat='18' ,
mon='05' ,
yea='2026' ,
statuid='20260518024824_3287' ,
head='13399108019' ,
foot='marc' ,
dt='1779047304'
| LEADER : 00000nam 2200000uu 4500 |
| 008 110615s||||||||th 000 0 tha d |
| 020 9789742129576
|
| 050 4 QA76.9.C55^bพ161ป
|
| 100 0 พงษ์พันธ์ ศิวิลัย
|
| 245 10 SQL server 2008 ฉบับสมบูรณ์ /^cพงษ์พันธ์ ศิวิลัย
|
| 260 กรุงเทพฯ :^bซีเอ็ดยูเคชั่น,^c2552
|
| 300 xiv, 849 หน้า :^bภาพประกอบ
|
| 650 7 เครื่องบริการเอสคิวแอล
|
| 650 7 การจัดการฐานข้อมูล
|
| 650 7 เอสคิวแอล (ภาษาคอมพิวเตอร์)
|
| 650 7 ไคลเอนต์/เซิร์ฟเวอร์
|
| 945 ^p450^l0^i015407
|
| 945 ^p0^l0^i015408 |
| 999 ^aใช้งานได้ทุกระบบ
|
| คุณยังไม่ได้ล็อกอิน คุณสามารถมีกิจกรรมร่วมกับเว็บไซต์ได้ แต่ต้องล็อกอินก่อน :: |
|
|
|
| ลำดับที่ |
ประเภท |
เลขเรียก/บาร์โค้ด |
สถานที่ |
สถานะ |
| 1. |
 หนังสือ | QA76.9.C55 พ161ป ฉ.1 Barcode: 015407 | หนังสือทั่วไป | บนชั้น ขอยืม |
| 2. |
 หนังสือ | QA76.9.C55 พ161ป ฉ.2 Barcode: 015408 | หนังสือทั่วไป | บนชั้น ขอยืม |
รายการใกล้เคียง
ผู้แต่ง [พงษ์พันธ์ ศิวิลัย]
หัวเรื่อง [เครื่องบริการเอสคิวแอล] หัวเรื่อง [การจัดการฐานข้อมูล] หัวเรื่อง [เอสคิวแอล (ภาษาคอมพิวเตอร์)] หัวเรื่อง [ไคลเอนต์/เซิร์ฟเวอร์]
|
|
ยังไม่เคยถูกคอมเมนท์
|
| คอมเมนท์ทรัพยากรรายการนี้ |
|